| 000 | 00932nam a22002897a 4500 | ||
|---|---|---|---|
| 001 | 9363 | ||
| 003 | FISKH | ||
| 005 | 20251212134101.0 | ||
| 008 | 251212b cb ||||| |||| 00| 0 eng d | ||
| 020 | _a0590706349 | ||
| 040 |
_aFISKH _beng _cFISKH _dFISKH |
||
| 050 | _aPZ7.W683675 S | ||
| 082 | _a279 | ||
| 100 |
_aPardo, Gina Willner _eAuthor |
||
| 245 |
_aSpider Storch's teacher torture / _cGina Willner-Pardo ; illustrated by Nick Sharratt |
||
| 260 |
_aNew York : _bScholastic Inc. , _c1997 |
||
| 300 |
_a56 pages : _billustrations ; _c20 cm |
||
| 505 | _aN | ||
| 520 | _aJoey Storch tries to be on his best behavior in order to keep his third grade teacher, Ms. Mirabella, from retiring. | ||
| 521 | 8 |
_a600
_bLexile |
|
| 521 | 8 |
_aN
_bRaz-Plus |
|
| 650 |
_aHumorous fiction _vJuvenile fiction |
||
| 650 |
_aPrank _vPrimary |
||
| 700 |
_aSharratt, Nick _eIllustrator |
||
| 942 |
_2ddc _cBK _n0 |
||
| 999 |
_c9363 _d9363 |
||